[Event "Hartberg op"]
[Site "Hartberg"]
[Date "1991.??.??"]
[Round "3"]
[White "Razuvaev, Yuri S"]
[Black "Palos, Osman"]
[Result "1-0"]
[WhiteElo "2585"]
[BlackElo "2400"]

1.d4 Nf6 2.c4 e6 3.g3 c5 4.d5 exd5 5.cxd5 Qa5+ 6.Bd2 Qb6 7.Nc3 a6 8.a4 d6
9.Bg2 Be7 10.Nf3 Bg4 11.Nh4 O-O 12.h3 Bd7 13.O-O a5 14.e4 Na6 15.Nf3 Nb4
16.Be3 Qc7 17.Re1 Ne8 18.g4 Bf6 19.Bf1 g6 20.Bf4 Qd8 21.Qd2 Bg7 22.e5 dxe5
23.Nxe5 Bc8 24.Rad1 Nd6 25.Nb5 Na6 26.Nc4 Nxc4 27.Bxc4 h5 28.d6 Bd7 29.Bg5 Qc8
30.Be7 hxg4 31.Bxf8 gxh3 32.Bxg7 Bxb5 33.d7  1-0

[Event "HUN-chT"]
[Site "HUN"]
[Date "1991.??.??"]
[Round "?"]
[White "Liptay, Laszlo"]
[Black "Foldi, Istvan"]
[Result "1-0"]
[WhiteElo "2405"]
[BlackElo "2320"]

1.d4 Nf6 2.c4 e6 3.g3 c5 4.d5 exd5 5.cxd5 d6 6.Bg2 g6 7.Nc3 Bg7 8.Nf3 O-O
9.O-O Na6 10.h3 Rb8 11.a4 Nc7 12.e4 Re8 13.Re1 Nd7 14.Bf4 Ne5 15.Nxe5 Bxe5
16.Bxe5 dxe5 17.Qc1 Qd6 18.h4 Bd7 19.Bf3 Re7 20.h5 Rf8 21.Kg2 f5 22.Qh6 Rf6
23.Rh1 Rg7 24.hxg6 Rfxg6 25.Qh4 f4 26.Bh5 Rg5 27.Kh2 Bg4 28.Bxg4 Rxg4 29.Qh3 fxg3+
30.fxg3 Qg6 31.Rhg1 Qg5 32.Raf1 Rg6 33.Rf5 Qe3 34.Rgf1 Qxg3+ 35.Qxg3 Rxg3
36.Rxe5 Rg2+ 37.Kh1 Rxb2 38.Rg1 Kf7 39.Rxg6 hxg6 40.d6 Ne6 41.d7 Rd2 42.Nd5 Rd1+
43.Kh2  1-0

[Event "Katowice op"]
[Site "Katowice"]
[Date "1991.??.??"]
[Round "3"]
[White "Urban, Klaudiusz"]
[Black "Tunik, Gennady"]
[Result "1/2-1/2"]
[WhiteElo "2395"]
[BlackElo "2445"]

1.d4 Nf6 2.c4 e6 3.g3 c5 4.d5 exd5 5.cxd5 d6 6.Nc3 g6 7.Bg2 Bg7 8.Nf3 O-O
9.O-O Re8 10.Bf4 Na6 11.Nb5 Bf8 12.Re1 Nh5 13.Bd2 Bd7 14.Nc3 b5 15.a3 Bg7
16.Bg5 Qb6 17.Qd2 c4 18.Be3 Nc5 19.Rad1 a5 20.Nd4 b4 21.Nb1 Qb7 22.Nc6 Nb3
23.Qc2 Qa6 24.Nd2 Nxd2 25.Bxd2 b3 26.Qc1 Bf5 27.Bxa5 Bc2 28.Rd2 c3 29.bxc3 Qc4
30.Bb4 Nf6 31.Nd4 Be4 32.f3 Bxd5 33.Rb2 Nd7 34.e4 Bxd4+ 35.cxd4 Qxd4+ 36.Kh1 Be6
37.Rd1 Rac8 38.Qb1 Qe3 39.Bxd6 Nb6 40.Bf4 Qc5 41.Bd6 Qb5 42.Bf1 Qa4 43.Rbd2 Rc2
44.Bb4 Nc4 45.Bxc4 Bxc4 46.Rc1 Rxd2 47.Bxd2 Be2 48.Kg2 Qd4 49.Bh6 Bc4 50.Rd1 Qf6
51.Bf4 g5 52.Bc1 Be2 53.Qxb3 Bxd1 54.Qxd1 g4 55.fxg4 Rxe4 56.Bf4 h6 57.Qd6 Re2+
58.Kh3 Qxd6 59.Bxd6 Kg7 60.Bc5 Kg6 61.Bb6 Rb2 62.Bc7 Rc2 63.Bd8 Rc4 64.Be7 h5
65.gxh5+ Kxh5 66.Bd6 Kg5 67.Be7+ Kf5 68.Bf8 Rc8 69.Bd6 Ke4 70.Kg2 Rc2+ 71.Kh3 f5
72.a4 Ra2 73.a5 Rxa5 74.Kh4 Ra8 75.Kg5 Rg8+ 76.Kf6 Rh8 77.h4 Rh6+ 78.Ke7 Kf3
79.Bf4 Rh7+ 80.Kf6 Kg4  1/2-1/2

[Event "Katowice op"]
[Site "Katowice"]
[Date "1991.??.??"]
[Round "9"]
[White "Gleizerov, Evgeny"]
[Black "Tunik, Gennady"]
[Result "1/2-1/2"]
[WhiteElo "2485"]
[BlackElo "2445"]

1.d4 Nf6 2.c4 e6 3.g3 c5 4.d5 exd5 5.cxd5 d6 6.Nc3 g6 7.Nf3 Bg7 8.Bg2 O-O
9.O-O Re8 10.h3 Ne4 11.Nxe4 Rxe4 12.Bg5 Bf6 13.Nd2 Re8 14.Bxf6 Qxf6 15.Ne4 Qe7
16.Qd2 Bf5 17.Nc3 Na6 18.e4 Bd7 19.f4 c4 20.Rae1 Nc5 21.e5 Nd3 22.Ne4 Nxe1
23.Nf6+ Kg7 24.Nxe8+ Rxe8 25.Rxe1 dxe5 26.fxe5 Qc5+ 27.Kh2 Bf5 28.Qf4 h5
29.g4 hxg4 30.hxg4 Bxg4 31.Qf6+ Kg8 32.Re4 Qxd5 33.Rxg4 Qxe5+ 34.Qxe5 Rxe5
35.Rxc4 Re2 36.Rb4 b6 37.Kg3 Kg7 38.Bd5 f5 39.a4 Kf6 40.b3 g5 41.Rd4 Re3+
42.Kf2 Rc3 43.Bc4 Ke5 44.Rd7 a5 45.Rb7 g4 46.Rxb6 f4 47.Re6+ Kf5 48.Re8 Kg5
49.Rg8+ Kh4 50.Be2 g3+ 51.Kg2 f3+ 52.Bxf3 Rc2+  1/2-1/2

[Event "URS-ch U26"]
[Site "Kherson"]
[Date "1991.??.??"]
[Round "?"]
[White "Timoshenko, Georgy"]
[Black "Brodsky, Michail"]
[Result "1/2-1/2"]
[WhiteElo "2475"]
[BlackElo "2310"]

1.d4 Nf6 2.c4 e6 3.g3 c5 4.Nf3 cxd4 5.Nxd4 Qb6 6.Nc3 Bc5 7.e3 Nc6 8.Na4 Bb4+
9.Bd2 Qa5 10.Nc3 Nxd4 11.exd4 Qb6 12.a3 Bxc3 13.Bxc3 Ne4 14.Qc2 Nxc3 15.Qxc3 O-O
16.Bg2 d6 17.O-O Bd7 18.c5 dxc5 19.dxc5 Qc7 20.Rfd1 Rac8 21.b4 Ba4 22.Rd2 Rfd8
23.Raa2 h6 24.Rxd8+ Rxd8 25.Rd2 Rxd2 26.Qxd2 Bc6 27.Bxc6 Qxc6 28.Qd8+ Kh7
29.Qd3+ f5 30.f3 b6 31.Qc3 bxc5 32.bxc5 e5 33.Kf2 e4 34.fxe4 Qxe4 35.c6 Qh1
36.c7 Qxh2+ 37.Ke1 Qg1+ 38.Kd2 Qg2+ 39.Kc1 Qf1+ 40.Kb2 Qb5+ 41.Ka2 Qe2+ 42.Kb1 Qf1+
43.Qc1 Qb5+ 44.Kc2 Qc5+ 45.Kd2 Qf2+  1/2-1/2

[Event "Lenk op"]
[Site "Lenk"]
[Date "1991.??.??"]
[Round "4"]
[White "Tukmakov, Vladimir B"]
[Black "Chudinovskih, Alexander"]
[Result "1-0"]
[WhiteElo "2520"]
[BlackElo "2315"]

1.d4 Nf6 2.c4 e6 3.g3 c5 4.Nf3 cxd4 5.Nxd4 d5 6.Bg2 e5 7.Nf3 d4 8.O-O Nc6
9.e3 Bc5 10.exd4 exd4 11.Re1+ Be6 12.Ng5 O-O 13.Nxe6 fxe6 14.Nd2 Qb6 15.Nb3 Rad8
16.Rxe6 d3 17.Be3 Bxe3 18.Rxe3 d2 19.Re2 Ng4 20.c5 Qb4 21.Rxd2 Rxd2 22.Qxd2 Qxd2
23.Nxd2 Rxf2 24.Nc4 Rf5 25.Nd6 Rxc5 26.Nxb7 Rc2 27.Be4 Rxh2 28.Bxc6 Rxb2
29.Bd5+ Kf8 30.Rf1+ Nf6 31.Bb3 Ke7 32.Re1+ Kd7 33.Nc5+ Kc6 34.Ne6 g6 35.Ng5 Kb5
36.Re6 Nh5 37.Re5+ Kb4 38.g4 Nf6 39.Re6 Nd7 40.Re4+ Kc3 41.Nxh7 Kd3 42.Re7 Nc5
43.Rf7 Kd4 44.Ng5 Nd3 45.Nf3+ Kc5 46.Rxa7 Nf4 47.Kf1 Nd3 48.Ne1 Ne5 49.Ra5+ Kd4  1-0

[Event "NOR-ch"]
[Site "NOR"]
[Date "1991.??.??"]
[Round "1"]
[White "Scholseth, Tor Kristian"]
[Black "Fossan, Erik"]
[Result "0-1"]
[WhiteElo "2330"]
[BlackElo "2285"]

1.d4 Nf6 2.c4 e6 3.g3 c5 4.Nf3 cxd4 5.Nxd4 Bb4+ 6.Nc3 Ne4 7.Qd3 Qa5 8.Nb5 a6
9.Qxe4 axb5 10.Bd2 bxc4 11.Qxc4 O-O 12.a3 d5 13.Qa2 Qc7 14.Bg2 d4 15.Ne4 Bxd2+
16.Nxd2 e5 17.O-O Be6 18.Bd5 Bxd5 19.Qxd5 Nc6 20.Rfc1 Rfd8 21.Qc4 Qe7 22.Qc5 Qe6
23.Qb6 Rab8 24.Ne4 Qd5 25.Nc5 e4 26.Qb3 Qf5 27.Qb6 Ne5 28.Nxb7 Qh3 29.f3 exf3
30.exf3 Nxf3+ 31.Kf2 Ne5 32.Kg1 d3 33.Qc7 Ng4  0-1

[Event "NOR-ch"]
[Site "NOR"]
[Date "1991.??.??"]
[Round "7"]
[White "Groenn, Atle"]
[Black "Fossan, Erik"]
[Result "1/2-1/2"]
[WhiteElo "2320"]
[BlackElo "2285"]

1.d4 Nf6 2.c4 e6 3.g3 c5 4.Nf3 cxd4 5.Nxd4 Bb4+ 6.Nc3 O-O 7.Bg2 d5 8.cxd5 Nxd5
9.Bd2 Nxc3 10.bxc3 Bc5 11.Nb3 Be7 12.O-O Qc7  1/2-1/2

[Event "Oostende op"]
[Site "Oostende"]
[Date "1991.??.??"]
[Round "8"]
[White "Maiwald, Jens Uwe"]
[Black "Ree, Hans"]
[Result "1/2-1/2"]
[WhiteElo "2295"]
[BlackElo "2455"]

1.d4 Nf6 2.c4 e6 3.g3 c5 4.d5 exd5 5.cxd5 d6 6.Nc3 g6 7.Bg2 Bg7 8.Nf3 O-O
9.O-O Nbd7 10.a4 a6 11.Nd2 Rb8 12.Nc4 Ne8 13.Bf4 Nb6 14.Na3 Bd7 15.a5 Nc8
16.Nc4 Bb5 17.Qb3 Bxc4 18.Qxc4 Qd7 19.e4 Nc7 20.Rfe1 Re8 21.Qf1 b5 22.Rad1 b4
23.Bh3 f5 24.Nb1 Qb5 25.Qg2 fxe4 26.Rxe4 c4 27.Rde1 Bxb2 28.Rxe8+ Nxe8 29.Qe4 Nf6
30.Qe3 Nxd5 31.Qe6+ Kg7 32.Bg5 Nc7 33.Qg4 h5 34.Qh4 Be5 35.Bf1 Qxa5 36.Qxc4 Na7
37.f4 Qb6+ 38.Kh1 Bf6 39.Bg2 Re8 40.Rc1 Bxg5 41.fxg5 Re7 42.Rf1 Qe3 43.Qxb4 Nab5
44.Nd2 Ne6 45.Ne4 Nxg5 46.Nxd6 Nxd6 47.Qxd6 Qe6 48.Qd3 Ne4 49.Bxe4 Qxe4+
50.Qxe4 Rxe4 51.Ra1 Re6 52.Kg2 Kf7 53.Kf3 Ke7 54.g4 hxg4+ 55.Kxg4 Kd7 56.Kg5 Kc7
57.h4 Kb6 58.Rb1+ Ka7 59.Ra1 Rb6 60.Ra2 Rd6 61.Ra1 Rc6 62.Ra2 Rb6 63.Ra1 Rd6
64.Ra2 Kb6 65.Rb2+ Kc5 66.Rc2+ Kb4 67.Rb2+ Ka3 68.Rb8 a5 69.Rb7 a4 70.Rb8 Rd4
71.Rb6 Rb4 72.Rxg6 Kb2 73.Ra6 a3  1/2-1/2

[Event "St Martin op"]
[Site "St Martin"]
[Date "1991.??.??"]
[Round "7"]
[White "Carlhammar, Magnus"]
[Black "Isaacs, Robert"]
[Result "1-0"]
[WhiteElo "2290"]
[BlackElo "2160"]

1.d4 Nf6 2.c4 e6 3.g3 c5 4.d5 exd5 5.cxd5 d6 6.Bg2 g6 7.Nc3 Bg7 8.Nf3 O-O
9.O-O a6 10.a4 Nbd7 11.Nd2 Re8 12.Nc4 Nb6 13.Na3 Bd7 14.Re1 Qc7 15.h3 Nxa4
16.Nxa4 b5 17.Nxc5 Qxc5 18.Qd3 b4 19.Nc2 Bb5 20.Qd1 a5 21.Be3 Qc7 22.Nd4 Qb7
23.Nc6 a4 24.Nxb4 Bxe2 25.Qd2 Bb5 26.Bd4 Nd7 27.Bxg7 Kxg7 28.Qd4+ Kg8 29.Nc6 Qb6
30.Qc3 f6 31.Re6 Qc5 32.Rae1 Rf8 33.Qxc5 dxc5 34.Re7 Rf7 35.Rxf7  1-0

[Event "Torcy op"]
[Site "Torcy"]
[Date "1991.??.??"]
[Round "?"]
[White "Decroix, Roger"]
[Black "Sellos, Didier"]
[Result "1-0"]
[WhiteElo "2180"]
[BlackElo "2430"]

1.d4 Nf6 2.c4 e6 3.g3 c5 4.d5 exd5 5.cxd5 d6 6.Nc3 g6 7.Bg2 a6 8.a4 Bg7 9.Nf3 O-O
10.O-O Nbd7 11.Bf4 Qe7 12.Re1 Re8 13.h3 Nh5 14.Bg5 Bf6 15.Bxf6 Qxf6 16.Nd2 Qe7
17.Nc4 Ne5 18.Nb6 Rb8 19.Qc1 f6 20.a5 Kh8 21.Qd2 Rg8 22.Ra4 Bd7 23.Rh4 Ng7
24.Nxd7 Nxd7 25.Re4 Qd8 26.Nd1 Ne5 27.Qc3 Rf8 28.f4 Nd7 29.Re6 Qc7 30.Ne3 Rbe8
31.Rxe8 Rxe8 32.Ng4 Qd8 33.e4 Qe7 34.Kh2 h5 35.Ne3 Kh7 36.Nc4 Nf5 37.b4 h4
38.gxh4 Nxh4 39.Bh1 cxb4 40.Qxb4 Nc5 41.Qc3 g5 42.fxg5 fxg5 43.Qg3 Nf5 44.Qf2 Nh6
45.e5 g4 46.Nxd6 Rf8 47.Qxc5 Qh4 48.Qe3 Kh8 49.Re2 gxh3 50.Bf3 Kg7 51.e6 Qe7
52.Ne4 Rf5 53.Kxh3 Ng8 54.Rg2+ Kf8 55.Rg5 Qh7+ 56.Kg3 Ne7 57.d6 Rxg5+ 58.Qxg5 Nf5+  1-0

[Event "Torcy op-B"]
[Site "Torcy"]
[Date "1991.??.??"]
[Round "?"]
[White "Ghiraldini, JP."]
[Black "Valentin, Rene"]
[Result "1/2-1/2"]
[WhiteElo "1980"]
[BlackElo "2090"]

1.d4 Nf6 2.c4 e6 3.g3 c5 4.Nf3 d5 5.Bg2 Nc6 6.O-O Be7 7.Nc3 O-O 8.cxd5 exd5
9.Be3 cxd4 10.Nxd4 Re8 11.h3 Bf8 12.Rc1 Ne5 13.Bg5 Be6 14.e3 Be7 15.f4 Nc6
16.f5 Bd7 17.Bxf6 Bxf6 18.Nxd5 Bg5 19.Rc3 Nxd4 20.Qxd4 Bc6 21.e4 Bxd5 22.Qxd5 Qb6+
23.Kh1 Rad8 24.Rb3 Rxd5 25.Rxb6 Rd7  1/2-1/2

[Event "Hoogovens-B"]
[Site "Wijk aan Zee"]
[Date "1991.??.??"]
[Round "11"]
[White "Barbero, Gerardo F"]
[Black "Frias, Victor J"]
[Result "1/2-1/2"]
[WhiteElo "2495"]
[BlackElo "2520"]

1.d4 Nf6 2.c4 e6 3.g3 c5 4.d5 exd5 5.cxd5 d6 6.Nc3 g6 7.Bg2 Bg7 8.Nf3 O-O
9.O-O Re8 10.Bf4 Na6 11.Re1 Nc7 12.e4 Bg4 13.h3 Bxf3 14.Bxf3 Qd7 15.a4 h6
16.Bg2 Nh5 17.Be3 b5 18.axb5 Nxb5 19.Qa4 a6 20.g4 Nf6 21.Nxb5 Qxb5  1/2-1/2

[Event "Ajka op"]
[Site "Ajka"]
[Date "1992.??.??"]
[Round "6"]
[White "Ryskin, Alexander"]
[Black "Shabtai, Ran"]
[Result "1-0"]
[WhiteElo "2445"]
[BlackElo "2320"]

1.d4 Nf6 2.c4 e6 3.g3 c5 4.Nf3 cxd4 5.Nxd4 d5 6.Bg2 e5 7.Nf3 d4 8.O-O Nc6
9.e3 Bc5 10.exd4 exd4 11.Re1+ Be6 12.Ng5 O-O 13.Nxe6 fxe6 14.Nd2 Qb6 15.Nb3 Rae8
16.Bg5 h6 17.Bxf6 Rxf6 18.Qh5  1-0

[Event "Bad Ragaz op"]
[Site "Bad Ragaz"]
[Date "1992.??.??"]
[Round "7"]
[White "Karl, Hans"]
[Black "Zier, Ludwig"]
[Result "1/2-1/2"]
[WhiteElo "2280"]
[BlackElo "2245"]

1.d4 Nf6 2.c4 e6 3.g3 c5 4.d5 exd5 5.cxd5 d6 6.Nc3 g6 7.Bg2 Bg7 8.Nf3 O-O
9.O-O a6 10.a4 Nbd7 11.Bf4 Qe7 12.e4 Ng4 13.Bg5 f6 14.Bc1 f5 15.h3 Nge5 16.Ng5 Nf6
17.f4 Nf7 18.exf5 Bxf5 19.Re1 Qd7 20.g4 Bxg4 21.hxg4 Nxg5 22.fxg5 Nxg4 23.Re4 Nf2
24.Qe2 Nxe4 25.Nxe4 Rae8 26.Ra3 Re7 27.Kh1 Kh8 28.Rf3 Qxa4 29.Rxf8+ Bxf8
30.Bf4 Re8 31.Qf3 Qb4 32.Bd2  1/2-1/2

[Event "Bern op"]
[Site "Bern"]
[Date "1992.??.??"]
[Round "6"]
[White "Tukmakov, Vladimir B"]
[Black "Tolnai, Tibor"]
[Result "1/2-1/2"]
[WhiteElo "2535"]
[BlackElo "2490"]

1.d4 Nf6 2.c4 e6 3.g3 c5 4.Nf3 cxd4 5.Nxd4 Bb4+ 6.Bd2 Qb6 7.e3 Bc5 8.Nb3 Qc6
9.Rg1 Be7 10.Nc3 O-O 11.g4 d6 12.Qe2 a6 13.g5 Nfd7 14.f4 Re8 15.O-O-O Qc7
16.Kb1 Nc6 17.Bg2 b5 18.Rc1 Bb7 19.Nd5 exd5 20.cxd5 Nc5 21.dxc6 Bxc6 22.Nd4 Bxg2
23.Qxg2 Qb7 24.Qxb7 Nxb7 25.Nf5 Nc5 26.Bc3 Bf8 27.Nh6+ Kh8 28.Rgd1 b4 29.Nxf7+ Kg8
30.Nxd6 Bxd6 31.Bxb4 Nd3 32.Bxd6 Nxc1 33.Rxc1 Rxe3 34.Be5 g6 35.a4 a5 36.Rc5 Rh3
37.Ka2 Rxh2 38.Kb3 Re2 39.Rc7 Rb8+ 40.Kc3 Rbxb2 41.Rg7+ Kf8 42.Ra7 Rec2+
43.Kd4 Rb4+ 44.Kd3 Rc6 45.Rxa5 Kf7 46.Ra7+ Ke6 47.Rxh7 Rxa4 48.Rg7 Kf5 49.Rf7+ Kg4
50.Rf6 Rxf6  1/2-1/2

[Event "Eurodata"]
[Site "Budapest"]
[Date "1992.??.??"]
[Round "13"]
[White "Horvath, Csaba"]
[Black "Madl, Ildiko"]
[Result "1/2-1/2"]
[WhiteElo "2515"]
[BlackElo "2410"]

1.d4 Nf6 2.c4 e6 3.g3 c5 4.d5 exd5 5.cxd5 d6 6.Nc3 g6 7.Bg2 Bg7 8.Nf3 O-O
9.O-O a6 10.a4 Nbd7 11.h3 Re8 12.Nd2 Rb8 13.Nc4 Nb6 14.Na3 Bd7 15.a5 Nc8
16.Nc4 Bb5  1/2-1/2

[Event "Cannes op"]
[Site "Cannes"]
[Date "1992.??.??"]
[Round "?"]
[White "Verat, Laurent"]
[Black "Tatai, Stefano"]
[Result "0-1"]
[WhiteElo "2280"]
[BlackElo "2410"]

1.d4 Nf6 2.c4 e6 3.g3 c5 4.d5 exd5 5.cxd5 d6 6.Nc3 g6 7.Bg2 Bg7 8.Nf3 O-O
9.O-O Bg4 10.h3 Bxf3 11.Bxf3 Qd7 12.Kh2 b5 13.a3 Qb7 14.Bf4 Ne8 15.e4 Nd7
16.Qe2 a6 17.Bg2 Rc8 18.Be3 Nef6 19.Rac1 Rfe8 20.Bf4 Qb8 21.Rfe1 c4 22.Be3 Ne5
23.Red1 Nd3 24.Rb1 Nd7 25.Qd2 N7c5 26.f3 a5 27.Ne2 Nb3 28.Qc2 f5 29.Nf4 fxe4
30.fxe4 Nbc5 31.Nxd3 Nxd3 32.b4 axb4 33.axb4 Qa8 34.Bb6 Qa3 35.Ba5 Be5 36.Qe2 Rf8
37.Qe3 Rf7 38.Rf1 Rcf8 39.Rxf7 Rxf7 40.Rf1 Rxf1 41.Bxf1 Qb2+ 42.Bg2 Qd4 43.Qg5 Qf2
44.h4 Bf6 45.Qg4 Ne1  0-1

[Event "JUG-chT"]
[Site "Cetinje"]
[Date "1992.??.??"]
[Round "?"]
[White "Tosic, Miroslav"]
[Black "Nikac, Predrag"]
[Result "1/2-1/2"]
[WhiteElo "2435"]
[BlackElo "2300"]

1.d4 Nf6 2.c4 e6 3.g3 c5 4.Nf3 cxd4 5.Nxd4 a6 6.Bg2 Qc7 7.b3 Nc6 8.O-O Nxd4
9.Qxd4 Bc5 10.Qd3 O-O 11.Nc3 d6 12.Bg5 Nd7 13.Rad1 Ne5 14.Qd2 f5 15.Na4 Nf7
16.Nxc5 dxc5 17.e4 Nxg5 18.Qxg5 e5 19.exf5 Bxf5 20.Rd5 Rae8 21.Rfd1 b6 22.Be4 h6
23.Qe3 Qf7 24.R1d2 Qg6 25.Rd6 Rf6 26.Bxf5 Qxf5 27.Rxf6 Qxf6 28.Qe4 a5 29.h4 Re6
30.Rd5 Qe7 31.Kg2 Qe8 32.a4 Qe7 33.f3 Qf6 34.Kf2 Qf7 35.Ke3 Qf6 36.Rd7 h5
37.Ke2 Kh8 38.Rd3 Rd6 39.Re3 Re6 40.Qd5 Kh7 41.Re4 Qf5 42.Qd3 Kh8 43.g4 Qf6
44.Qd5 hxg4 45.Qa8+ Kh7 46.Rxg4 e4 47.Rxe4 Qb2+ 48.Kf1 Rd6 49.Qe8 Rd1+  1/2-1/2

[Event "EU-chT (Men)"]
[Site "Debrecen"]
[Date "1992.??.??"]
[Round "4"]
[White "Urban, Klaudiusz"]
[Black "Anastasian, Ashot"]
[Result "0-1"]
[WhiteElo "2465"]
[BlackElo "2490"]

1.d4 Nf6 2.c4 e6 3.g3 c5 4.d5 exd5 5.cxd5 d6 6.Nc3 g6 7.Bg2 Bg7 8.Nf3 O-O
9.O-O Bd7 10.Bf4 Qe7 11.Re1 Na6 12.h3 Rfe8 13.e4 Nh5 14.Bg5 Qf8 15.g4 h6
16.Bd2 Nf6 17.Bf4 g5 18.Bh2 c4 19.e5 dxe5 20.Nxe5 Nb4 21.Qd2 Qc5 22.Nxd7 Nxd7
23.Rxe8+ Rxe8 24.Ne4 Rxe4 25.Bxe4 c3 26.bxc3 Bxc3 27.Qd1 Bxa1 28.Qxa1 Nxd5
29.Qb1 b6 30.Bh7+ Kg7 31.Bf5 N7f6 32.Be5 Nf4 33.Qb2 Qc6 34.Bxf4 gxf4 35.Qe5 Qd5
36.Qxf4 Qxa2 37.g5 Qa1+ 38.Kg2 hxg5 39.Qxg5+ Kf8 40.Qh6+ Ke7 41.Qe3+ Kd6
42.Qd3+ Ke5 43.Bc8 Qd4 44.Qg3+ Qf4 45.Qc3+ Kd6 46.Bb7 Kd7 47.Bf3 Qd6 48.Qb3 Ke7
49.Qe3+ Kd7 50.Qb3 Qe6 51.Qd3+ Ke8 52.Qa6 Qd7 53.Bb7 Qd6 54.Qxa7 Nh5 55.Qa4+ Kf8
56.Qg4 Nf4+ 57.Kh1 b5 58.Bf3 b4 59.Qc8+ Ke7 60.Qc4 Kf6 61.Qc8 Kg7 62.Qg4+ Ng6
63.Bd1 Qd3 64.Be2 Qc3 65.Bf3 b3 66.h4 b2 67.Be4 Qb4 68.Qf5 Qe1+ 69.Kh2 Qc1
70.Kg3 Qc7+ 71.Kh3 Qe5 72.h5 Qxf5+ 73.Bxf5 Ne7 74.Bc2 Nd5 75.Kg4 Kf6 76.h6 Nc3
77.h7 Kg7 78.Kg5 b1=Q 79.Bxb1 Nxb1  0-1

[Event "EU-chT (Women)"]
[Site "Debrecen"]
[Date "1992.??.??"]
[Round "5"]
[White "Cuesta Navarro, Santiago"]
[Black "Bellin, Jana"]
[Result "1/2-1/2"]
[WhiteElo "2240"]
[BlackElo "2205"]

1.d4 Nf6 2.c4 e6 3.g3 c5 4.d5 exd5 5.cxd5 d6 6.Nc3 g6 7.Nf3 Bg7 8.Bg2 O-O
9.O-O a6 10.a4 Nbd7 11.h3 Rb8 12.a5 b5 13.axb6 Nxb6 14.e4 Re8 15.Nd2 Nfd7
16.f4 f5 17.g4 fxe4 18.Ndxe4 Nf6 19.Ng5 h6 20.Ne6 Bxe6 21.dxe6 Rxe6 22.Qd3 Qe8
23.Rxa6 Kh8 24.Ra7 c4 25.Qd1 d5 26.Rxg7 Kxg7 27.Qd4 Kh7 28.f5 gxf5 29.Qf4 Ne4
30.Nxd5 Nxd5 31.Qxf5+ Qg6 32.Qxd5 Ng3 33.Qd7+ Kh8 34.Qc7 Ne2+ 35.Kh2 Rbe8
36.Bd2 Qg7 37.Qxc4 Qe5+ 38.Bf4 Nxf4 39.Qxf4 Qxb2 40.Rf2 Qe5 41.Qxe5+ Rxe5
42.Kg3 Kg7 43.Ra2 Re3+ 44.Kf4 Re2 45.Rxe2 Rxe2 46.Be4 Rf2+ 47.Bf3 Rh2 48.Kg3 Rb2
49.Kf4 Kf6 50.h4 Rb4+  1/2-1/2

[Event "Geneve op"]
[Site "Geneve"]
[Date "1992.??.??"]
[Round "2"]
[White "Summermatter, Daniel"]
[Black "Jukic, Mirko"]
[Result "1/2-1/2"]
[WhiteElo "2360"]
[BlackElo "2455"]

1.d4 Nf6 2.c4 e6 3.g3 c5 4.Nf3 cxd4 5.Nxd4 Bb4+ 6.Bd2 Qb6 7.Bg2 Bc5 8.e3 Nc6
9.Nb3 Be7 10.Nc3 d5 11.cxd5 exd5 12.O-O Be6 13.Ne2 O-O 14.Bc3 Rad8  1/2-1/2

[Event "Graz-ch"]
[Site "Graz"]
[Date "1992.??.??"]
[Round "6"]
[White "Kiss, Attila"]
[Black "Podlesnik, Bogdan"]
[Result "0-1"]
[WhiteElo "2390"]
[BlackElo "2400"]

1.d4 Nf6 2.c4 e6 3.g3 c5 4.d5 exd5 5.cxd5 b5 6.Bg2 d6 7.b4 cxb4 8.a3 bxa3
9.Nxa3 Bd7 10.Nf3 a5 11.Nd4 b4 12.Nc4 Ra6 13.O-O Be7 14.e4 O-O 15.Bf4 a4
16.Qd3 Ne8 17.Rfe1 Bf6 18.e5 dxe5 19.Nxe5 Qb6 20.Rac1 b3 21.Nxd7 Nxd7 22.Rc6 Nc5
23.Qc4 Qa5 24.Rd1 Bxd4 25.Qxd4 Rxc6 26.dxc6 Ne6 27.Qe5 Qa6 28.Bd2 N8c7 29.Bb4 Re8
30.Ba3 Qc4 31.Rd7 Qb5  0-1

[Event "Hamburg op"]
[Site "Hamburg"]
[Date "1992.??.??"]
[Round "2"]
[White "Tatenhorst, Volker"]
[Black "Howell, James C"]
[Result "1/2-1/2"]
[WhiteElo "2230"]
[BlackElo "2465"]

1.d4 Nf6 2.c4 e6 3.g3 c5 4.Nf3 cxd4 5.Nxd4 a6 6.Bg2 Qc7 7.b3 Bb4+ 8.Bd2 Be7
9.O-O Nc6 10.Nxc6 dxc6 11.Nc3 e5 12.Qc2 O-O 13.Na4 Bg4 14.Be3 Nd7 15.Rad1 Rad8
16.Rd2 Be6 17.c5 f5 18.b4 f4 19.gxf4 exf4 20.Bd4 Ne5 21.Qe4 Bf6 22.Nb6 Bg4
23.Rfd1 Rde8 24.Bxe5 Qxe5 25.Qxe5 Bxe5 26.Nd7 Rf7 27.Nxe5 Rxe5 28.Rd8+ Rf8
29.Rxf8+ Kxf8 30.Rd4 g5 31.e3 Bf5 32.h4 fxe3 33.fxe3 Rxe3 34.hxg5 Kg7 35.Kf2 Ra3
36.Be4 Bxe4 37.Rxe4 Kf7 38.Rh4 Kg7 39.Rd4 Kg6 40.Rd7 Rxa2+ 41.Kf3 a5 42.Rxb7 axb4
43.Rxb4 Rc2 44.Rh4 Rxc5 45.Rh6+ Kxg5 46.Rxh7 Re5 47.Rc7 c5 48.Rf7 Re1 49.Rc7 Re5
50.Rf7 Kg6 51.Rf8 Kg7 52.Rf4 Re8 53.Rc4 Re5  1/2-1/2

[Event "Helsinki op"]
[Site "Helsinki"]
[Date "1992.??.??"]
[Round "9"]
[White "Kachiani Gersinska, Ketino"]
[Black "Kuzmin, Gennadi P"]
[Result "1-0"]
[WhiteElo "2360"]
[BlackElo "2530"]

1.d4 Nf6 2.c4 e6 3.g3 c5 4.d5 exd5 5.cxd5 g6 6.Nc3 Bg7 7.Bg2 O-O 8.Nf3 b5
9.Nxb5 Qa5+ 10.Nc3 Ne4 11.Bd2 Nxd2 12.Nxd2 d6 13.O-O Nd7 14.Nde4 Rb8 15.Qc2 Ba6
16.Rac1 c4 17.Nxd6 f5 18.Qa4 Qxa4 19.Nxa4 Rb4 20.b3 c3 21.Nxc3 Be5 22.Nc4 Bxc4
23.bxc4 Rc8 24.Nb5 Rbxc4 25.Rxc4 Rxc4 26.Nxa7 Rc2 27.Nc6 Bd6 28.Nd4 Rxa2
29.e3 Nc5 30.Bf3 Kf7 31.Rb1 Ke7 32.h4 Kd7 33.h5 Bc7 34.Nc6 Bd6 35.Kf1 Bc7
36.h6 Bd6 37.Be2 Ne4 38.Rb7+ Bc7 39.Nd4 Kc8 40.Rb4 Bd6 41.Rc4+ Kd7 42.Rc6 Rd2
43.Ra6 Bc5 44.Rxg6  1-0

[Event "HUN-chT"]
[Site "HUN"]
[Date "1992.??.??"]
[Round "?"]
[White "Polgar, Istvan"]
[Black "Lorincz, Istvan"]
[Result "1-0"]
[WhiteElo "2435"]
[BlackElo "2340"]

1.d4 Nf6 2.c4 e6 3.g3 c5 4.d5 exd5 5.cxd5 b5 6.Bg2 d6 7.Nf3 Bb7 8.O-O Be7
9.e4 O-O 10.Re1 Qb6 11.Nc3 b4 12.Na4 Qc7 13.b3 Nbd7 14.a3 a5 15.Bb2 Nb6 16.Nxb6 Qxb6
17.Nd2 bxa3 18.Nc4 Qb4 19.Bxa3 Qb5 20.Bf1 Qe8 21.Bb2 Qd8 22.Bc3 a4 23.bxa4 Nd7
24.f4 Re8 25.Rb1 Ra7 26.e5 dxe5 27.fxe5 Bf8 28.Bh3 Nb8 29.d6 Nc6 30.e6 fxe6
31.Rxe6 Nb4 32.Qh5 Bc6 33.Rbe1 Ra8 34.Bf5 h6 35.Qg6 Rxe6 36.Bxe6+ Kh8 37.Qxh6+  1-0

[Event "Katerini op"]
[Site "Katerini"]
[Date "1992.??.??"]
[Round "?"]
[White "Andrianov, Nikolai"]
[Black "Sturua, Zurab"]
[Result "1/2-1/2"]
[WhiteElo "2445"]
[BlackElo "2545"]

1.d4 Nf6 2.c4 e6 3.g3 c5 4.Nf3 cxd4 5.Nxd4 Qc7 6.Nd2 a6 7.Bg2 Be7 8.O-O d6
9.b3 O-O 10.Bb2 Rd8 11.e4 Bd7 12.Qe2 Nc6 13.Rfd1 Nxd4 14.Bxd4 e5 15.Bb2 b5
16.Rac1 Qb7 17.c5 Bc6 18.cxd6 Bxd6 19.f3 Be8 20.Nf1 Be7 21.Ne3 g6 22.Nd5 Nxd5
23.exd5 Rac8 24.Rxc8 Rxc8 25.Re1 f6 26.f4 Bd7 27.fxe5 fxe5  1/2-1/2

[Event "Katowice op"]
[Site "Katowice"]
[Date "1992.??.??"]
[Round "4"]
[White "Grabarczyk, Miroslaw"]
[Black "Ikonnikov, Vyacheslav"]
[Result "1/2-1/2"]
[WhiteElo "2315"]
[BlackElo "2490"]

1.d4 Nf6 2.c4 e6 3.g3 c5 4.Nf3 cxd4 5.Nxd4 Nc6 6.Bg2 Bb4+ 7.Nc3 O-O 8.O-O d5
9.cxd5 exd5 10.Bg5 Be6 11.e4 Nxd4 12.exd5 Bxc3 13.bxc3 Bxd5 14.Bxf6 Qxf6
15.Bxd5 Nb5 16.Bxb7 Nxc3 17.Qf3 Rab8 18.Qxf6 gxf6 19.Bf3 Rb2 20.Rfc1 Ne2+
21.Bxe2 Rxe2 22.Rc6 Kg7 23.Ra6 Rc8 24.Rxa7  1/2-1/2

[Event "Katowice op"]
[Site "Katowice"]
[Date "1992.??.??"]
[Round "7"]
[White "Volzhin, Alexander"]
[Black "Tunik, Gennady"]
[Result "1-0"]
[WhiteElo "2370"]
[BlackElo "2450"]

1.d4 Nf6 2.c4 e6 3.g3 c5 4.d5 exd5 5.cxd5 d6 6.Bg2 g6 7.e4 Bg7 8.Ne2 O-O
9.Nec3 Re8 10.O-O b5 11.Nxb5 Nxe4 12.Re1 a6 13.N5c3 Nxc3 14.Rxe8+ Qxe8 15.Nxc3 Nd7
16.Ne4 Be5 17.Bg5 Rb8 18.Rb1 Kg7 19.Qd2 f5 20.Nc3 Qf7 21.Re1 Bb7 22.Ne2 Re8
23.Nf4 Kg8 24.Ne6 Bf6 25.Bf4 Ne5 26.b3 Bc8 27.h4 Bd7 28.Bxe5 Bxe5 29.Rxe5 dxe5
30.Nxc5 Rc8 31.Nxa6 f4 32.d6 Kg7 33.b4 h6 34.Nc5 g5 35.hxg5 hxg5 36.Qd5 Qxd5
37.Bxd5 Rd8 38.Bc6 Bf5 39.d7 Rb8 40.b5 Kf6 41.b6 Be6 42.a4 Ke7 43.a5 Bc4
44.b7 e4 45.Bxe4  1-0

[Event "Kecskemet"]
[Site "Kecskemet"]
[Date "1992.??.??"]
[Round "1"]
[White "Stajcic, Nikola"]
[Black "Arkhipov, Sergey"]
[Result "1/2-1/2"]
[WhiteElo "2320"]
[BlackElo "2515"]

1.d4 Nf6 2.c4 e6 3.g3 c5 4.d5 exd5 5.cxd5 d6 6.Nc3 g6 7.Bg2 Bg7 8.Nf3 O-O
9.O-O a6 10.a4 Nbd7 11.h3 Re8 12.Nd2 Rb8 13.Nc4 Nb6 14.Na3 Bd7 15.Bf4 Nc8
16.Nc4 Qc7 17.a5 Bb5 18.Na3 Bd7 19.Nc4 Nh5 20.Bd2 Bb5 21.Na3 Na7 22.Re1 Bd7
23.Nc4 Bb5 24.Na3 Bd7 25.Nc4 Bb5 26.Na3 Bd7 27.Nc4  1/2-1/2

[Event "Las Vegas op"]
[Site "Las Vegas"]
[Date "1992.??.??"]
[Round "?"]
[White "Gurevich, Dmitry"]
[Black "Kearns, Jerry"]
[Result "1-0"]
[WhiteElo "2515"]
[BlackElo "2280"]

1.d4 Nf6 2.c4 e6 3.g3 c5 4.Nf3 cxd4 5.Nxd4 a6 6.Nc3 Qc7 7.Bg5 Be7 8.Bg2 d6
9.Rc1 Nbd7 10.O-O h6 11.Be3 O-O 12.h3 Nb6 13.b3 Bd7 14.Qd2 Rac8 15.Ne4 Nxe4
16.Bxe4 f5 17.Bg2 e5 18.Nc2 Bc6 19.Nb4 Bxg2 20.Kxg2 Rf7 21.f3 Bf8 22.Bxb6 Qxb6
23.Nd5 Qd8 24.e4 f4 25.g4 Be7 26.a4 g6 27.a5 Rh7 28.Rfd1 Rc6 29.b4 Bf8 30.Qf2 h5
31.Rg1 Be7 32.Nxe7+ Qxe7 33.Rgd1 hxg4 34.hxg4 Qc7 35.Qd2 Qe7 36.Qd5+ Kg7
37.Rh1 Rxh1 38.Rxh1 Qc7 39.Rc1 Qe7 40.Qd2 Qc7 41.Qe2 Qe7 42.Qf2 Qd8 43.c5 dxc5
44.bxc5 Qxa5 45.Rd1 Qc7 46.Qh4 Rf6 47.Rh1 Qxc5 48.Qh8+  1-0